Manchester City scorers in Premier League 2014-2015 - Statistics

General Stats
  • This quiz has been taken 374 times
    342 since last reset
  • The average score is 10 of 15
Answer Stats
Player Goals % Correct
Sergio Agüero 26
100%
David Silva 12
91%
Yaya Touré 10
88%
Edin Dzeko 4
77%
Pablo Zabaleta 1
73%
Fernandinho 3
68%
Samir Nasri 2
68%
Gaël Clichy 1
67%
Aleksandar Kolarov 2
64%
Fernando 2
60%
James Milner 5
58%
Stevan Jovetic 5
49%
Martin Demichelis 1
46%
Wilfried Bony 2
43%
Frank Lampard 6
34%
No matching quizzes found
Score Distribution
Percent of People with Each Score
Percentile by Number Answered
Your Score History
You have not taken this quiz since the last reset